|
|
|
|
| LEADER |
00000nam0a2200000 4500 |
| 001 |
76632 |
| 005 |
20231031091833.0 |
| 035 |
|
|
|a (RuTPU)RU\TPU\book\82144
|
| 090 |
|
|
|a 76632
|
| 100 |
|
|
|a 20050427d1975 k y0rusy50 ca
|
| 101 |
0 |
|
|a rus
|
| 102 |
|
|
|a RU
|
| 105 |
|
|
|a a z 001zy
|
| 200 |
1 |
|
|a Органические и кремнийорганические теплоносители
|f Ю. М. Бабиков, Д. С. Рассказов
|
| 210 |
|
|
|a Москва
|c Энергия
|d 1975
|
| 215 |
|
|
|a 272 с.
|c ил.
|
| 320 |
|
|
|a Библиогр.: с. 264-271.
|
| 610 |
1 |
|
|a теплоносители
|
| 610 |
1 |
|
|a органические теплоносители
|
| 610 |
1 |
|
|a кремнийорганические полимеры
|
| 610 |
1 |
|
|a термическая стойкость
|
| 610 |
1 |
|
|a теплофизические свойства
|
| 675 |
|
|
|a 621.039.534
|v 3
|
| 700 |
|
1 |
|a Бабиков
|b Ю. М.
|g Юрий Максимович
|
| 701 |
|
1 |
|a Рассказов
|b Д. С.
|g Дмитрий Степанович
|
| 801 |
|
1 |
|a RU
|b 63413507
|c 20050427
|g PSBO
|
| 801 |
|
2 |
|a RU
|b 63413507
|c 20150304
|g PSBO
|
| 942 |
|
|
|c BK
|